000 00790nma a22002177a 4500
005 20210325190130.0
006 g q ||
008 s2524 th thaeng
041 _athaeng
090 _aMAP5444 III
245 1 0 _aบ้านหยวก [Map]
260 3 _aกรุงเทพฯ :
_bกรมแผนที่ทหาร,
_c2524
300 _a1 แผ่น (มาตราส่วน 1:
_b50,000)Colour
650 0 4 _aบ้านหยวก (กิ่งอำเภอน้ำโสม) -- อุดรธานี -- แผนที่
650 0 4 _aอุดรธานี -- แผนที่
650 0 4 _aเลย -- แผนที่
850 _aNALT
942 _cCD
997 _c000000000024746
_kVC
998 _aBENJALUCK
999 _c24746
_d24746